Missing Word: Bacon & Hamm Quiz Stats

 Plays Quiz Updated Jun 6, 2018

Challenge
Share
Tweet
Embed
Score 0/20 Timer 03:00
0 Plays Today
Hint Answer % Correct
Kevin BaconFriday
97.2%
Kevin BaconFew
96%
Jon HammStill
96%
Kevin BaconLove
93.6%
Kevin BaconSaid
87.5%
Jon HammDollar
86.9%
Jon HammPunch
84.8%
Kevin BaconRiver
82.4%
Kevin BaconFirst
81.5%
Kevin BaconApollo
79.2%
Hint Answer % Correct
Kevin BaconLight
73.4%
Jon HammMad
64.7%
Jon HammUnbreakable
61%
Jon HammBaby
51.5%
Jon HammAmerican
47.6%
Jon HammSoldiers
45.9%
Kevin BaconDay
45.1%
Kevin BaconBlack
44.6%
Jon HammShrek
37.7%
Jon HammFriends
17.1%

Today's Daily Dose

You're not logged in!

Compare scores with friends on all Sporcle quizzes.
Join for Free
OR
Log In

You Might Also Like...

Show Comments

Extras

Top Quizzes Today


Score Distribution

Your Account Isn't Verified!

In order to create a playlist on Sporcle, you need to verify the email address you used during registration. Go to your Sporcle Settings to finish the process.

Report this User

Report this user for behavior that violates our Community Guidelines.

Details: